Statistics for Most Popular Five-Letter Baby Girl Names by Decade

Click here to take the quiz!

General Stats

  • This quiz has been taken 2,277 times
  • The average score is 60 of 120

Answer Stats

DecadeName% Correct
1970s | 1980s | 1990s | 2000sSarah
86%
1970s | 1980s | 1990s | 2000sEmily
83%
1960s | 1970s | 1980s | +2 othersMaria
79%
1950s | 1960s | 1970s | +2 othersLaura
76%
1990s | 2000sGrace
73%
1980s | 1990s | 2000sJulia
70%
1950s | 1960s | 1970s | 1980sJulie
70%
1950s | 1960s | 1970s | 1980sKaren
65%
1950s | 1960sLinda
65%
1950s | 1960s | 1970sSusan
64%
1980s | 1990s | 2000sKatie
62%
1950s | 1960sCarol
61%
2000sChloe
61%
1950s | 1960sDiane
59%
1980s | 1990sDiana
58%
1990s | 2000sMolly
58%
1950s | 1960sJanet
56%
1960s | 1970s | 1980s | 1990sKelly
53%
1950s | 1960sNancy
53%
1950s | 1960s | 1970sDonna
50%
1950sBetty
49%
1970s | 1980sHolly
48%
1980s | 1990s | 2000sMegan
45%
1950s | 1960sPaula
45%
2000sSofia
45%
1960s | 1970sTracy
42%
1970s | 1980s | 1990s | 2000sAmber
41%
2000sFaith
41%
1960s | 1970sWendy
41%
1980s | 1990s | 2000sJenna
39%
1980s | 1990s | 2000sKayla
38%
1950sCathy
37%
1950s | 1960sKathy
37%
1950sJoyce
35%
1990s | 2000sAlexa
34%
1970s | 1980s | 1990sErica
34%
1980s | 1990sErika
34%
1950s | 1960sDebra
31%
1960s | 1970sTammy
29%
2000sAvery
28%
1950s | 1960sCindy
26%
2000sKylie
25%
1970s | 1980s | 1990sJamie
24%
1970s | 1980sStacy
24%
1970sTonya
24%
1990s | 2000sPaige
23%
2000sRiley
23%
1990s | 2000sHaley
21%
1970s | 1980sApril
19%
1950s | 1960s | 1970sRobin
16%
1950sPeggy
15%

Score Distribution

Percentile by Number Answered

Percent of People with Each Score

Your Score History

You have not taken this quiz